Guess the Billie Eilish Song - 2 - Statistics

General Stats
  • This quiz has been taken 371 times
  • The average score is 71 of 156
Answer Stats
Answer % Correct
I
99%
you
93%
You
93%
a
92%
when
82%
the
80%
do
79%
be
73%
Be
73%
don't
72%
to
70%
and
67%
my
65%
we
65%
it
63%
what
63%
i'm
62%
in
58%
so
58%
not
57%
go
56%
wanna
54%
it's
51%
like
50%
but
49%
for
49%
that
47%
know
46%
they
46%
are
45%
can't
45%
say
44%
why
43%
just
42%
have
39%
if
35%
try
35%
some
33%
tell
33%
think
33%
get
32%
way
32%
at
31%
feel
30%
time
30%
will
30%
you'd
30%
alone
29%
cry
28%
Everybody
28%
"Everybody
28%
everybody
28%
make
28%
one
28%
about
27%
dies
27%
dies"
27%
that's
26%
each
25%
maybe
25%
might
25%
other
25%
stay
25%
fault
24%
lies
24%
right
23%
surprise
23%
sometimes
22%
still
22%
back
21%
they'll
21%
used
21%
while
21%
wonder
21%
years
21%
another
20%
couple
20%
find
20%
hundred
20%
lot
20%
more
20%
days
19%
goes
19%
life
19%
okay
18%
world
18%
even
17%
wrong
17%
least
15%
alright
14%
child
13%
sure
13%
unknown
12%
seeing
10%
knack
9%
fold
7%
oughta
6%
No matching quizzes found
Score Distribution
Percent of People with Each Score
Percentile by Number Answered
Your Score History
You have not taken this quiz